[Event "Torneo Magistral Mario Dario López"]
[Site "Santa Cruz BOL"]
[Date "2008.03.25"]
[Round "10.3"]
[White "Monroy Carrizo, Javier"]
[Black "Gutierrez, Carmelo"]
[Result "0-1"]
[WhiteElo "2242"]
[BlackElo "2310"]
[PlyCount "74"]
[EventDate "2008.03.20"]
[EventType "tourn"]
[EventRounds "9"]
[EventCountry "BOL"]
[EventCategory "4"]
[Source "lmi"]
[SourceDate "2008.03.20"]

1. d4 Nf6 2. Nf3 e6 3. g3 c5 4. e3 Nc6 5. c4 cxd4 6. exd4 d5 7. c5 Ne4 8. a3
Be7 9. b4 Bf6 10. Bb2 O-O 11. Bg2 b6 12. cxb6 Qxb6 13. O-O a5 14. Nc3 axb4 15.
Na4 Qc7 16. axb4 Ba6 17. Qc2 Bxf1 18. Bxf1 Qb7 19. b5 Ne7 20. Ba3 Rfc8 21. Qb3
Nf5 22. Bb2 Nfd6 23. Ne5 Bxe5 24. dxe5 Nc4 25. Bg2 Nxb2 26. Qxb2 Rc4 27. Qb3
Raxa4 28. Rxa4 Rc1+ 29. Bf1 Rxf1+ 30. Kg2 Rxf2+ 31. Kh3 Nc5 32. Qe3 Nxa4 33.
Qxf2 Qxb5 34. Qa7 h6 35. Qa8+ Kh7 36. Qc8 Qf1+ 37. Kh4 g5+ 0-1

[Event "Torneo Magistral Mario Dario López"]
[Site "Santa Cruz BOL"]
[Date "2008.03.25"]
[Round "10.4"]
[White "Trois, Francisco R.T"]
[Black "Campero, Ronald"]
[Result "1/2-1/2"]
[WhiteElo "2352"]
[BlackElo "2262"]
[PlyCount "23"]
[EventDate "2008.03.20"]
[EventType "tourn"]
[EventRounds "9"]
[EventCountry "BOL"]
[EventCategory "4"]
[Source "lmi"]
[SourceDate "2008.03.20"]

1. e4 e5 2. Nf3 Nc6 3. Bb5 a6 4. Ba4 Nf6 5. O-O Be7 6. Re1 b5 7. Bb3 d6 8. c3
O-O 9. h3 Na5 10. Bc2 c5 11. d4 Qc7 12. Nbd2 1/2-1/2

[Event "Torneo Magistral Mario Dario López"]
[Site "Santa Cruz BOL"]
[Date "2008.03.25"]
[Round "10.5"]
[White "Pacheco, Daniel"]
[Black "Ferrufino, Boris"]
[Result "1-0"]
[WhiteElo "2318"]
[BlackElo "2199"]
[PlyCount "67"]
[EventDate "2008.03.20"]
[EventType "tourn"]
[EventRounds "9"]
[EventCountry "BOL"]
[EventCategory "4"]
[Source "lmi"]
[SourceDate "2008.03.20"]

1. d4 Nf6 2. c4 g6 3. Nc3 Bg7 4. e4 d6 5. Be2 O-O 6. Bg5 c5 7. d5 b5 8. cxb5 a6
9. a4 Nbd7 10. Nf3 Bb7 11. O-O axb5 12. axb5 Qc7 13. Qb3 Nb6 14. Nd2 Rfe8 15.
Nc4 e6 16. Rxa8 Bxa8 17. Nxb6 Qxb6 18. dxe6 fxe6 19. Ra1 Qb7 20. Bf3 Nd7 21. e5
c4 22. Bxb7 cxb3 23. Bxa8 Nxe5 24. h3 Nc4 25. Bc6 Rb8 26. Nd1 d5 27. Bf4 Rd8
28. Bc7 Rc8 29. Ba5 Ne5 30. Bb7 Rc5 31. Ba6 Nc4 32. Bb4 Rc7 33. Rc1 Rd7 34. Bc8
1-0

[Event "Torneo Magistral Mario Dario López"]
[Site "Santa Cruz BOL"]
[Date "2008.03.26"]
[Round "11.1"]
[White "Campero, Ronald"]
[Black "Pacheco, Daniel"]
[Result "0-1"]
[WhiteElo "2262"]
[BlackElo "2318"]
[PlyCount "48"]
[EventDate "2008.03.20"]
[EventType "tourn"]
[EventRounds "9"]
[EventCountry "BOL"]
[EventCategory "4"]
[Source "lmi"]
[SourceDate "2008.03.20"]

1. e4 Nc6 2. Nc3 e6 3. Bc4 Nf6 4. Qe2 Nd4 5. Qd3 c5 6. Nf3 Nc6 7. Qe2 a6 8. a4
Nd4 9. Nxd4 cxd4 10. Nd1 Qa5 11. O-O b5 12. Bb3 Bb7 13. d3 Bc6 14. Bd2 b4 15.
f4 Bc5 16. Nf2 h5 17. Kh1 h4 18. Nh3 Nh5 19. f5 Bd6 20. Bg5 Qe5 21. Bf4 Nxf4
22. Nxf4 g5 23. fxg6 fxg6 24. g4 hxg3 0-1

[Event "Torneo Magistral Mario Dario López"]
[Site "Santa Cruz BOL"]
[Date "2008.03.26"]
[Round "11.2"]
[White "Gutierrez, Carmelo"]
[Black "Trois, Francisco R.T"]
[Result "0-1"]
[WhiteElo "2310"]
[BlackElo "2352"]
[PlyCount "132"]
[EventDate "2008.03.20"]
[EventType "tourn"]
[EventRounds "9"]
[EventCountry "BOL"]
[EventCategory "4"]
[Source "lmi"]
[SourceDate "2008.03.20"]

1. e4 c5 2. Nf3 a6 3. Nc3 e6 4. d4 cxd4 5. Nxd4 Qc7 6. Qf3 Nc6 7. Bf4 Ne5 8.
Qg3 d6 9. O-O-O Bd7 10. Kb1 O-O-O 11. Bg5 Nf6 12. f4 Ng6 13. f5 Ne5 14. Bxf6
gxf6 15. Qh4 Bg7 16. Be2 Kb8 17. Bh5 Bc8 18. Rhe1 Qe7 19. Bg4 Rdg8 20. Bh3 h5
21. Rf1 Bd7 22. Nce2 Nc4 23. Rd3 e5 24. Nb3 Bc6 25. Nc3 Bh6 26. Qf2 Qc7 27. Re1
Rd8 28. g3 h4 29. g4 Bf4 30. Bf1 b5 31. Red1 b4 32. Nd5 Bxd5 33. Rxd5 Ne3 34.
h3 Nxd1 35. Rxd1 Qa7 36. Qe2 Qb6 37. Qg2 Rc8 38. Rd5 Rc7 39. Bd3 Rhc8 40. Ra5
Qe3 41. Qf1 Rc6 42. Bxa6 Qxe4 43. Bxc8 Qxc2+ 44. Ka1 Kxc8 45. Rd5 Kc7 46. Qd1
Qxd1+ 47. Rxd1 Rc2 48. Kb1 Rh2 49. Rd3 e4 50. Rd4 e3 51. Nc1 Be5 52. Rc4+ Kd7
53. Rc2 Rxh3 54. Re2 Rg3 55. Nd3 h3 56. a4 bxa3 57. bxa3 h2 58. Nxe5+ fxe5 59.
Rxh2 Rxg4 60. Kc2 Rf4 61. Kb3 Rxf5 62. a4 Rf2 63. Rh3 e2 64. Re3 Rf3 65. Rxf3
e1=Q 66. Rxf7+ Kc6 0-1

[Event "Torneo Magistral Mario Dario López"]
[Site "Santa Cruz BOL"]
[Date "2008.03.26"]
[Round "11.4"]
[White "Zambrana, Oswaldo"]
[Black "Coelho, Luis Henrique"]
[Result "1-0"]
[WhiteElo "2492"]
[BlackElo "2392"]
[PlyCount "103"]
[EventDate "2008.03.20"]
[EventType "tourn"]
[EventRounds "9"]
[EventCountry "BOL"]
[EventCategory "4"]
[Source "lmi"]
[SourceDate "2008.03.20"]

1. e4 c5 2. Nf3 d6 3. d4 Nf6 4. Nc3 cxd4 5. Nxd4 Nc6 6. Bg5 e6 7. Qd2 Be7 8.
O-O-O Nxd4 9. Qxd4 O-O 10. Kb1 a6 11. h4 b5 12. f3 Bb7 13. g4 Rc8 14. Qd2 b4
15. Bxf6 Bxf6 16. Ne2 Qc7 17. g5 Be5 18. Rg1 Rfd8 19. f4 Bxe4 20. Rc1 Bc3 21.
Qe3 Bd5 22. Bg2 Bxg2 23. Rxg2 Qb7 24. Rh2 e5 25. Rf2 exf4 26. Nxf4 Rc4 27. Qd3
Rd4 28. Qe3 Re4 29. Qf3 Bd4 30. Rff1 Be3 31. Rfe1 Bxf4 32. Rxe4 Bxc1 33. Re8+
Rxe8 34. Qxb7 Bd2 35. a4 bxa3 36. bxa3 a5 37. Qb5 Rd8 38. Qb6 Rc8 39. Qxd6 Bc3
40. Ka2 Be1 41. Qd7 Rb8 42. Qd4 Rc8 43. c4 g6 44. Kb3 Bg3 45. Ka4 Be1 46. Kb5
Rb8+ 47. Ka6 Re8 48. c5 a4 49. Kb5 Ra8 50. Qe5 Bxh4 51. c6 Bf2 52. c7 1-0

[Event "Torneo Magistral Mario Dario López"]
[Site "Santa Cruz BOL"]
[Date "2008.03.26"]
[Round "11.5"]
[White "Sustach, Marcos Antonio"]
[Black "Rodriguez Vila, Andres"]
[Result "1/2-1/2"]
[WhiteElo "2254"]
[BlackElo "2566"]
[PlyCount "80"]
[EventDate "2008.03.20"]
[EventType "tourn"]
[EventRounds "9"]
[EventCountry "BOL"]
[EventCategory "4"]
[Source "lmi"]
[SourceDate "2008.03.20"]

1. e4 e6 2. d3 d5 3. Nd2 Nf6 4. Ngf3 Nc6 5. g3 dxe4 6. dxe4 Bc5 7. Bg2 O-O 8.
O-O e5 9. h3 b6 10. c3 a5 11. Nh4 Ba6 12. Re1 g6 13. Nf1 Qe7 14. Bg5 Qe6 15.
Ne3 Bxe3 16. Bxe3 Rfd8 17. Qf3 Ne8 18. Nf5 f6 19. h4 Kh8 20. Nh6 Ng7 21. Kh2 a4
22. Ng4 h5 23. Nh6 Bc4 24. Bh3 Qe7 25. g4 Rf8 26. gxh5 Nxh5 27. Rg1 Qh7 28.
Rad1 Nf4 29. Bxf4 exf4 30. Qxf4 Ne5 31. Qe3 Bxa2 32. h5 g5 33. Nf5 Qxh5 34. Kg3
Rad8 35. f3 Bb3 36. Bg4 Nxg4 37. fxg4 Qe8 38. Rh1+ Kg8 39. Nh6+ Kg7 40. Nf5+
Kg8 1/2-1/2